000 00200nam a2200085 4500
001 1233895
005 20250925141611.0
245 _aKAHRAMANIM ERTUĞUL
_cİRFAN GÜRKAN ÇELEBİ
260 _bMAVİ KİRPİ
999 _c1233895
_d1233895